000 00413nam a2200133Ia 4500
005 20260328101531.0
008 260328s9999||||xx |||||||||||||| ||und||
100 _aLizardi Pollock, Jorge L.
245 0 _aEspacio Ambivalentes :
_b Historias y Olvidos en la Arquitectura Social Moderna /
_cJorge L. Lizardi Pollock
260 _bEdiciones Callejón
300 _a278 p.
650 _aARQUITECTURA CIVIL
942 _cBK
999 _c9990
_d9990